Palabra de Amor /

Guardado en:
Detalles Bibliográficos
Autor principal: Pikaza, Xabier (autor)
Formato: Libro
Idioma:Español
Colección:(Nueva Alianza ; 87)
Temas:
Etiquetas: Agrega una etiqueta
Sin etiquetas, Sé el primero en etiquetar este registro!

MARC

LEADER 00000nam^a2200000^a^4500
001 000032592
005 20250521000000.0
009 20260310085127.484
020 |a 84-301-0900-5 
037 |a Acervo ITESO - Biblioteca 
041 |a ESP 
082 |a 248. 8  |b PIK 
100 |a Pikaza, Xabier  |e (autor) 
245 1 0 |a Palabra de Amor /  |c X. Pikaza. 
264 |a Salamanca, España :  |b Sígueme,  |c 1983 
300 |a 334 p. 
336 |a texto  |b txt  |2 rdacontenido 
337 |a sin mediación  |b n  |2 rdamedio 
338 |a volumen  |b nc  |2 rdasoporte 
440 1 |a (Nueva Alianza ;  |v 87) 
649 |a XX 
650 |a Religión 
650 |a Cristianismo 
650 |a Vida Cristiana 
650 |a Amor 
910 |a Fondo General 
920 |a Impresos - Libros 
930 |a Colección General 
905 |a 101 
901 |a 0325920100  |b IT1  |c ACC  |i 032592  |u 20250521 
902 |a https://opac.biblio.iteso.mx/vufind/Record/000032592